LEADER 01527nam a2200325 u 4500 001 000000082461 003 CaOOAMICUS 005 20070226123851.0 008 050413s1989 sz a u000 u ger u 020 $a3727806370 (Universit&TDtsverlag) 020 $a3525537190 (Vandenoeck & Ruprecht) 035 $a11038946 040 $aPUL$bita 100 1 $aAbitz, Friedrich,$d1924-1994.$0(OLS)http://pul/name/42252 245 10$aBaugeschichte und Dekoration des Grabes Ramses' VI /$cFriedrich Abitz. 260 $aFreiburg, Schweiz :$bUniversitätsverlag ;$aGöttingen :$bVandenhoeck & Ruprecht,$c1989. 300 $a196 p. :$bill. ;$c24 cm 490 1 $aOrbis biblicus et orientalis ;$v89 504 $aBibliografia in nota. 651 4$aEgitto$xAntichitā.$0(OLS)http://pul/subject/25299 830 0$aOrbis biblicus et orientalis ;$v89.$0(OLS)http://pul/title/14045 850 $aPUL 852 $aPUL$W1$xSL Religione 3$y85$m220. 05 Coll 1.89$j105062$nBK-PRI$qDDC 21$B105062$CPULBib$Z2$F105062 $HPUL97919 $82 941 1 $a8 983 0$aOBO. 996 $6020$a3727806370 (Universit&TDtsverlag)$9(OLS)http://pul/number/109289 996 $6020$a3525537190 (Vandenoeck & Ruprecht)$9(OLS)http://pul/number/109290 996 $6245$aBaugeschichte und Dekoration des Grabes Ramses' VI$9(OLS)http://pul/title/107751 996 $6260$aFreiburg, Schweiz :$bUniversitätsverlag$9(OLS)http://pul/publisher/48308 996 $6260$aGöttingen :$bVandenhoeck & Ruprecht$9(OLS)http://pul/publisher/47973 LEADER 01274nam a2200301 u 4500 001 000000175959 003 CaOOAMICUS 005 20230623155823.0 008 230623s2018 it b u000 u ita u 020 $a978-88-97622-45-1 032 $aLibriCat 040 $aPUL$bita 082 04$a297.09 100 1 $aTottoli, Roberto.$0(OLS)http://pul/name/34191 245 10$aIntroduzione all'Islam /$cRoberto Tottoli. 260 $aRoma :$bIstituto per l'Oriente C.A. Nallino,$c2018. 300 $a205 pagine, illustrazioni :$bcarte geografiche ;$a21 cm 490 1 $aCollana didattica ;$v4 500 $aComprende riferimenti bibliografici e indice. 650 04$aIslamismo$xStudi.$0(OLS)http://pul/subject/7447 830 0$aCollana didattica ;$v4.$0(OLS)http://pul/title/217448 850 $aPUL 852 $aPUL$W1$xSL Religione 3$y85$m297. 09 TOTRO 1$j200127$qDDC 21$B204906$CPULBib$Z2$F204906 $H136356 $82 996 $6020$a978-88-97622-45-1$9(OLS)http://pul/number/169199 996 $6082$a297.09$9(OLS)http://pul/classification/2293 996 $6245$aIntroduzione all'Islam$9(OLS)http://pul/title/91801 996 $6260$aRoma :$bIstituto per l'Oriente C.A. Nallino$9(OLS)http://pul/publisher/87563